000 00681nam a2200229 a 4500
999 _c1743
_d1743
001 1743
003 BD-JhCC
005 20171028090904.0
008 171023s2008 bg |||| ||a| 000 0 ben d
020 _a9843000005009
035 _a(BD-JhCC)1743
040 _aBD-JhCC
_dBD-JhCC
041 _aben
082 _222
_a954.9205
_bGUN 2008
100 _aগুণ, নির্মলেন্দু
245 _aআত্মকথা ১৯৭১ /
_cনির্মলেন্দু গুণ
260 _aঢাকা :
_bবাংলা প্রকাশ,
_c2008
300 _a279 p. :
_c22 cm.
650 _aBangladesh Revolution 1971
942 _2ddc
_cBK